Statystyki dla Dopasuj państwo do jego dwóch pierwszych liter

Kliknij tutaj aby rozwiązać quiz!

Ogólne statystyki

  • Ten quiz został rozwiązany 16 726 razy
    (16 707 od ostatniego zresetowania)
  • Średni wynik to 18 z 24

Statystyki odpowiedzi

Dwie pierwsze literOdpowiedź% Poprawnych
CHChorwacja | Chile | Chiny
94%
IZIzrael
92%
CYCypr
87%
Węgry
87%
TATajlandia | Tadżykistan | Tajwan | Tanzania
86%
EKEkwador
83%
HOHonduras | Holandia
81%
GHGhana
80%
RURumunia
80%
URUrugwaj
80%
ZIZimbabwe
78%
KEKenia
77%
JOJordania
75%
SASalwador | San Marino | Samoa | Saint Lucia | Saint Vincent i Grenadyny | Saint Kitts i Nevis
73%
WIWietnam | Wielka Brytania
73%
BHBhutan
70%
ETEtiopia
70%
LULuksemburg
68%
PEPeru
68%
HIHiszpania
64%
MEMeksyk
62%
HAHaiti
57%
ERErytrea
52%
TRTrynidad i Tobago
31%

Rozkład punktacji

Percentyl według liczby udzielonych odpowiedzi

Procent ludzi z każdym wynikiem

Twoja historia wyników

Nie rozwiązałeś tego quizu od ostatniego zresetowania